Movies Quiz

Random Movies or Director Quiz

Film by Conflicts Quiz Stats

 Plays Quiz Updated Jan 16, 2019

Support Sporcle.
Go Orange.
Score 0/32 Timer 10:00
1 Play Today
Conflict Film % Correct
First War of Scottish IndependenceBraveheart
77.3%
World War IISaving Private Ryan
76.3%
Iraq WarThe Hurt Locker
75.2%
Trojan WarTroy
74.8%
Rwandan GenocideHotel Rwanda
65.5%
Somali Civil WarBlack Hawk Down
62.5%
Second Persian Invasion of Greece300
62%
American Revolutionary WarThe Patriot
55.5%
Vietnam WarPlatoon
55.4%
Texas RevolutionThe Alamo
35.4%
Gulf WarJarhead
35.3%
CrusadesKingdom of Heaven
31.3%
French and Indian WarThe Last of the Mohicans
29.3%
Anglo-Zulu WarZulu
23.8%
Cambodian Civil WarThe Killing Fields
19.8%
Russian Civil WarDoctor Zhivago
19.5%
Conflict Film % Correct
American Civil WarGettysburg
16.2%
Irish Civil WarMichael Collins
14.8%
Napoleonic WarsMaster and Commander: The Far Side of the World
14.5%
Invasion of GrenadaHeartbreak Ridge
12.3%
World War IPaths of Glory
11.1%
El Salvadoran Civil WarSalvador
7.1%
Algerian WarThe Battle of Algiers
6.6%
1948 Arab-Israel WarExodus
6%
1982 Lebanon WarWaltz With Bashir
5.6%
Hundred Years WarThe Messenger: The Story of Joan of Arc
4.6%
The Boer War'Breaker' Morant
4%
Bosnian WarNo Man's Land
3.9%
Korean War:Pork Chop Hill
3.3%
Mexican RevolutionDuck, You Sucker
3.3%
Mahdist WarThe Four Feathers
3.2%
Soviet-Afghan WarThe Beast of War
2.4%

From the Vault

R2-D2 and C-3PO: Which Film?

by biggs364

Movies 3m
These are the droids you're looking for.
Remove Ads.
Support Sporcle.
Get the best of Sporcle when you Go Orange. This ad-free experience offers more features, more stats, and more fun while also helping to support Sporcle. Thank you for becoming a member.

Show Comments

Extras

Top Quizzes Today


Score Distribution

Your Account Isn't Verified!

In order to create a playlist on Sporcle, you need to verify the email address you used during registration. Go to your Sporcle Settings to finish the process.

Report this User

Report this user for behavior that violates our Community Guidelines.

Details: